000
00324nam a2200133Ia 4500
008
240808s9999 xx 000 0 und d
020
_a
9789385360626
041
_a
eng
082
_a
720.95/DOS
100
_a
Doshi B
_9
208096
245
_a
Paths Uncharted
260
_b
Mapin Publishing
_c
2019
_a
Ahmedabad
300
_a
439p
999
_c
359328
_d
359328